Statistiques concernant Pokemon - Les Pokemon de la 6G

Cliquez ici pour prendre le quiz!

Statistiques générales

  • Ce quiz a été pris 52 fois
  • Le résultat moyen est 54 sur 72

Statistiques - réponses

NuméroNom% Correct
#650Marisson
100%
#657Croâporal
97%
#716Xerneas
97%
#658Amphinobi
93%
#653Feunnec
93%
#655Goupelin
93%
#656Grenousse
93%
#717Yveltal
93%
#718Zygarde
93%
#652Blindépique
90%
#651Boguérisse
90%
#701Brutalibré
90%
#662Braisillon
87%
#661Passerouge
87%
#654Roussil
87%
#663Flambusard
83%
#666Prismillon
83%
#697Rexillius
83%
#719Diancie
80%
#680Dimoclès
80%
#699Dragmara
80%
#660Excavarenne
80%
#706Muplodocus
80%
#700Nymphali
80%
#659Sapereau
80%
#698Amagara
77%
#715Bruyverne
77%
#673Chevroum
77%
#705Colimucus
77%
#676Couafarel
77%
#702Dedenne
77%
#681Exagide
77%
#669Flabébé
77%
#670Floette
77%
#671Florges
77%
#694Galvaran
77%
#693Gamblast
77%
#664Lépidonille
77%
#704Mucuscule
77%
#696Ptyranidur
77%
#721Volcanion
77%
#672Cabriolaine
73%
#692Flingouste
73%
#667Hélionceau
73%
#720Hoopa
73%
#679Monorpale
73%
#668Némélios
73%
#677Psystigri
73%
#714Sonistrelle
73%
#685Cupcanaille
70%
#712Grelaçon
70%
#695Iguolta
70%
#691Kravarech
70%
#678Mistigrix
70%
#675Pandarbare
70%
#665Pérégrain
70%
#710Pitrouille
70%
#713Séracrawl
70%
#684Sucroquin
70%
#690Venalgue
70%
#674Pandespiègle
67%
#708Brocélôme
63%
#682Fluvetin
63%
#688Opermine
63%
#683Cocotine
60%
#709Désséliande
60%
#689Golgopathe
60%
#703Strassie
57%
#707Trousselin
53%
#686Sepiatop
50%
#687Sepiatroce
50%
#711Branshitrouye
3%

Distribution des résultats

Percentile par nombre de réponses

% des personnes avec chaque résultat

Votre développement - résultats

Vous n’avez pas pris ce quiz